Normal view
MARC view
- تراجم-سلامة موسى-مصر-تاريخ
Entry Topical Term
001 - CONTROL NUMBER
- control field: 39175
003 - CONTROL NUMBER IDENTIFIER
- control field: JO-AjAnu
005 - DATE AND TIME OF LATEST TRANSACTION
- control field: 20230606080522.0
008 - FIXED-LENGTH DATA ELEMENTS
- fixed length control field: 230606|| aca||aabn | a|a d
040 ## - CATALOGING SOURCE
- Original cataloging agency: JO-AjAnu
- Transcribing agency: JO-AjAnu
150 ## - HEADING--TOPICAL TERM
- Topical term or geographic name entry element: تراجم-سلامة موسى-مصر-تاريخ
670 ## - SOURCE DATA FOUND
- Source citation: Work cat.: (JO-AjAnu)20090: شكري، غالي, author 39174, سلامة موسى وازمة الضمير العربي